Factores retardadores e impulsores del desarrollo industrial en Andalucía y Badajoz / (Record no. 131491)

MARC details
000 -LEADER
campo de control de longitud fija 00961nam a2200241 i 4500
001 - NÚMERO DE CONTROL
campo de control 131491
003 - IDENTIFICADOR DE NÚMERO DE CONTROL
campo de control ES-MaACL
005 - FECHA Y HORA DE LA ÚLTIMA TRANSACCIÓN
campo de control 20230906194006.0
007 - CAMPO FIJO DE DESCRIPCIÓN FÍSICA--INFORMACIÓN GENERAL
campo de control de longitud fija t|
008 - DATOS DE LONGITUD FIJA--INFORMACIÓN GENERAL
campo de control de longitud fija 070214s1975 sp |||| | spa d
100 1# - ENTRADA PRINCIPAL--NOMBRE DE PERSONA
Nombre de persona Rodríguez Alcaide, José Javier.
9 (RLIN) 98324
245 10 - MENCIÓN DEL TÍTULO
Título Factores retardadores e impulsores del desarrollo industrial en Andalucía y Badajoz /
Mención de responsabilidad, etc. José Javier Rodríguez Alcaide, Antonio Titos Moreno.
260 ## - PUBLICACIÓN, DISTRIBUCIÓN, ETC.
Lugar de publicación, distribución, etc. Sevilla :
Nombre del editor, distribuidor, etc. Universidad,
Fecha de publicación, distribución, etc. 1975.
300 ## - DESCRIPCIÓN FÍSICA
Extensión 140 p. ;
Dimensiones 21 cm.
490 1# - MENCIÓN DE SERIE
Mención de serie Ediciones del Instituto de Desarrollo Regional ;
Designación de volumen o secuencia 2
650 #4 - PUNTO DE ACCESO ADICIONAL DE MATERIA--TÉRMINO DE MATERIA
Término de materia o nombre geográfico como elemento de entrada Desarrollo industrial-
Subdivisión geográfica Andalucía.
9 (RLIN) 169200
650 #4 - PUNTO DE ACCESO ADICIONAL DE MATERIA--TÉRMINO DE MATERIA
Término de materia o nombre geográfico como elemento de entrada Desarrollo industrial-
Subdivisión geográfica Badajoz (Provincia)
9 (RLIN) 169201
700 1# - ENTRADA AGREGADA--NOMBRE PERSONAL
Nombre de persona Titos Moreno, Antonio.
9 (RLIN) 110349
710 2# - ENTRADA AGREGADA--NOMBRE DE ENTIDAD CORPORATIVA
Nombre de entidad corporativa o nombre de jurisdicción como elemento de entrada Universidad de Sevilla.
Unidad subordinada Instituto de Desarrollo Regional.
9 (RLIN) 169195
830 0# - PUNTO DE ACCESO ADICIONAL DE SERIE-TÍTULO UNIFORME
Título uniforme Ediciones del Instituto de Desarrollo Regional ;
Designación de volumen o secuencia 2
9 (RLIN) 219582
852 ## - LOCALIZACIÓN
Ubicación ES-MaACL
Número de control de estantería E-8182
Holdings
Estatus retirado Estado de pérdida Estado de daño No para préstamo Biblioteca de origen Biblioteca actual Ubicación en estantería Fecha de adquisición Fuente de adquisición Total de préstamos Signatura topográfica completa Código de barras Visto por última vez Precio de reemplazo Tipo de ítem Koha
        Biblioteca del Ateneo de Madrid Biblioteca del Ateneo de Madrid Depósito 2 17/01/2008     E-8182 1136890 23/02/2023 23/02/2023 Libro impreso